| Tag |
First Indicator |
Second Indicator |
Subfields |
| LEADER |
00000cam a2200000 a 4500 |
| 001 |
in00001037113 |
| 005 |
20150928123313.0 |
| 008 |
840703s1984 nyuabf b 001 0 eng |
| 010 |
|
|
|a 84040240
|
| 020 |
|
|
|a 0812829778 :
|c $19.95
|
| 035 |
|
|
|a (OCoLC)10998777
|
| 035 |
|
|
|9 AFG5753AM
|
| 040 |
|
|
|a DLC
|c DLC
|d m/c
|d TXA
|d UtOrBLW
|
| 043 |
|
|
|a a-kr---
|
| 049 |
|
|
|a TXAS [mil]
|
| 050 |
0 |
0 |
|a DS918
|b .H659 1984
|
| 082 |
0 |
|
|a 951.9/042
|2 19
|
| 100 |
1 |
|
|a Hoyt, Edwin P.
|q (Edwin Palmer),
|d 1923-2005.
|
| 245 |
1 |
0 |
|a On to the Yalu /
|c Edwin P. Hoyt.
|
| 264 |
|
1 |
|a New York :
|b Stein and Day,
|c 1984.
|
| 300 |
|
|
|a 297 pages, 16 unnumbered pages of plates :
|b illustrations, maps ;
|c 25 cm.
|
| 336 |
|
|
|a text
|b txt
|2 rdacontent
|
| 337 |
|
|
|a unmediated
|b n
|2 rdamedia
|
| 338 |
|
|
|a volume
|b nc
|2 rdacarrier
|
| 504 |
|
|
|a Bibliography: pages 283-284.
|
| 500 |
|
|
|a Includes index.
|
| 536 |
|
|
|a Donated to the Texas A&M University Library by Captain John Box September 2001.
|
| 650 |
|
0 |
|a Korean War, 1950-1953.
|
| 999 |
|
|
|a MARS
|
| 999 |
f |
f |
|s 4e6112f1-bee1-39b3-ad1e-f5269fa18e2f
|i 7dcfe9c7-6259-36bf-9669-5ef70d2a6ae8
|t 0
|
| 952 |
f |
f |
|p noncirc
|a Texas A&M University
|b College Station
|c Cushing Memorial Library & Archives
|d Cushing: Ragan Military (Does not check out)
|t 0
|e DS918 .H659 1984
|h Library of Congress classification
|i unmediated -- volume
|
| 952 |
f |
f |
|p ric
|a Texas A&M University
|b Rellis Campus
|c Joint Library Facility
|d Remote Storage
|t 0
|e DS918 .H659 1984
|h Library of Congress classification
|i unmediated -- volume
|m A14828707819
|
| 998 |
f |
f |
|a DS918 .H659 1984
|t 0
|l Cushing: Ragan Military (Does not check out)
|
| 998 |
f |
f |
|a DS918 .H659 1984
|t 0
|l Remote Storage
|